000 00472nam a2200133 4500
999 _c11268
_d11268
008 181112b ||||| |||| 00| 0 eng d
082 _aDPer 050 T48 Apr - June 2016, v. 187 n. 12-24
100 _932455
_aMiller, Zeke J.
245 _aInside the quiet crusade to turn GOP delegates against Trump/
_cZeke J. Miller.
260 _aHong Kong;
_bTime Asia,
_cc2016.
300 _av187 n12, pages 12-13:
_billustrations;
_c27cm.
650 0 _932456
_aPolitics.
942 _2ddc
_cPER